50 città più grandi della Lombardia - Statistics

Statistiche generali
  • Questo quiz è stato fatto 430 volte
  • Il punteggio medio è 27 su 50
Statistiche sulle risposte
Popolazione Città % Corretto
1.371.498 Milano
100%
120.207 Bergamo
98%
196.850 Brescia
97%
83.626 Como
95%
122.099 Monza
95%
70.943 Cremona
92%
71.159 Pavia
92%
44.793 Lodi
91%
78.875 Varese
91%
47.060 Lecco
90%
48.648 Mantova
88%
50.604 Rho
82%
79.732 Sesto San Giovanni
80%
82.981 Busto Arsizio
78%
34.020 Crema
73%
74.534 Cinisello Balsamo
71%
52.826 Gallarate
61%
62.384 Vigevano
61%
59.816 Legnano
59%
41.437 Rozzano
56%
41.635 Desio
53%
46.790 Cologno Monzese
50%
38.658 Saronno
50%
44.832 Seregno
50%
32.681 Abbiategrasso
48%
39.340 Cantù
47%
46.142 Lissone
47%
32.249 San Donato Milanese
46%
39.320 San Giuliano Milanese
46%
30.669 Treviglio
46%
29.226 Desenzano del Garda
45%
36.655 Segrate
44%
35.053 Cernusco sul Naviglio
42%
38.455 Voghera
42%
47.084 Paderno Dugnano
41%
36.051 Pioltello
35%
36.232 Bollate
32%
25.783 Vimercate
32%
34.333 Corsico
30%
39.118 Cesano Maderno
29%
26.189 Lainate
29%
26.118 Bresso
28%
34.718 Limbiate
25%
26.150 Montichiari
24%
26.960 Buccinasco
22%
27.786 Parabiago
22%
34.845 Brugherio
21%
26.777 Garbagnate Milanese
19%
25.988 Giussano
18%
25.193 Mariano Comense
14%
Nessun quiz corrispondente trovato
Distribuzione punteggi
Percentuale di utenti per punteggio
Percentile per numero di risposta
I tuoi punteggi nel tempo
Non hai fatto questo quiz